00397nam a2200157Ia 4500008004100000020001500041041001200056082001600068100001600084245006600100250000800166260002500174300000800199650001700207700001500224221030s9999 xx 000 0 und d a007115342x aEnglish a105.23bJoh aJ. Johnston 0aEconometric Methods with 3.5 diskcby J. Johnston, J. Dinardo a4th bTMHaNew Delhic2006 a531 aBE Economics aJ. Dinardo